Hungary in the Eurovision Song Contest - Statistics

General Stats
  • This quiz has been taken 20 times
  • The average score is 8 of 17
Answer Stats
Answer % Correct
Pioneer
84%
Running
84%
Origo
79%
Viszlát nyár
79%
Az én apám
74%
Kedvesem
68%
Kinek mondjam el vétkeimet?
58%
Wars For Nothing
53%
What About My Dreams?
53%
Candlelight
42%
Forogj, világ!
42%
Sound of Our Hearts
37%
Dance With Me
32%
Unsubstantial Blues
21%
A holnap már nem lesz szomorú
11%
Miért kell, hogy elmenj?
11%
Új név egy régi ház falán
11%
No matching quizzes found
Score Distribution
Percent of People with Each Score
Percentile by Number Answered
Your Score History
You have not taken this quiz